000 00419nam a2200181Ia 4500
001 7456
005 20260306160456.0
008 260306t2008||||xx |||||||||||||| ||spa||
041 _aESP
082 _a339
_bC32 2008
100 _aCase, Karl E.
_eAUT
245 0 _aPrincipios de macroeconomĂ­a
260 _c2008
300 _a552 páginas :
_c27 cm.
650 _aGEN
654 _aCAN
942 _cLIB
_dJUS
_fJUS
_2ddc
_n
999 _c7456
_d7456